Statistiques concernant Quiz Ligue des Champions

Cliquez ici pour prendre le quiz!

Statistiques générales

  • Ce quiz a été pris 715 fois
    (696 depuis la dernière actualisation)
  • Le résultat moyen est 12 sur 15

Statistiques - réponses

QuestionRéponse% Correct
Quel est le club le plus titré de la compétition avec 12 victoires ?Real Madrid
100%
Quel pays a remporté le plus de Ligue des Champions ?Espagne
92%
Quel est le seul club français à avoir remporté l'épreuve ?Olympique de Marseille
92%
En 2005,quelle équipe remporte la finale après avoir été menée 3-0 ?Liverpool FC
88%
Quelle est la dernière équipe à avoir remporté la Ligue des Champions deux fois d'affilée (2016 et 2017) ?Real Madrid
88%
Quel joueur est à la fois le meilleur buteur (104) et le meilleur passeur (37) de l'histoire de la compétition ?Cristiano Ronaldo
87%
Quelle équipe a remporté la LdC en 2010,soit 45 ans après son dernier titre ?Inter Milan
86%
Quelle est la seule ville à avoir placé deux clubs lors d'une même finale ?Madrid
84%
Quel est le club ayant échoué le plus souvent en finale (7 fois) ?Juventus FC
83%
Quelle est la seule ville à avoir gagné la LdC avec deux clubs différents ?Milan
80%
Quel gardien de but est le joueur le plus capé de l'épreuve ? (168 matchs)Iker Casillas
77%
Quel est le seul club à avoir gagner la LdC (2) plus souvent que son championnat (1) ?Nottingham Forest
72%
Quelle équipe affronta le Real Madrid en finale lors de la 1ère édition en 1956 ?Stade de Reims
68%
Quel est l'entraîneur le plus capé de l'épreuve ? (209 matchs)Alex Ferguson
43%
Quel est l'entraîneur qui a dirigé le plus de matchs (201) sans jamais gagner l'épreuve ?Arsène Wenger
29%

Distribution des résultats

Percentile par nombre de réponses

% des personnes avec chaque résultat

Votre développement - résultats

Vous n’avez pas pris ce quiz depuis la dernière actualisation